Социалистическое обновление

Bibliografiske detaljer
Andre forfattere: Волков Ю. Г. (редактор), Кохановский В. П.
Summary:Исключено из фонда НТБ ТПУ
Sprog:russisk
Udgivet: Ростов-на-Дону, Изд-во Ростовского ун-та, 1990
Format: MixedMaterials Bog
KOHA link:https://koha.lib.tpu.ru/cgi-bin/koha/opac-detail.pl?biblionumber=200918

MARC

LEADER 00000nam0a2200000 4500
001 200918
005 20231031184843.0
010 |a 5750702952 
035 |a (RuTPU)RU\TPU\book\219009 
090 |a 200918 
100 |a 20110915d1990 km y0rusy50 ca 
101 0 |a rus 
102 |a RU 
105 |a y z 001zy 
200 1 |a Социалистическое обновление  |f под ред. Ю. Г. Волкова ; под ред. В. П. Кохановского 
210 |a Ростов-на-Дону  |c Изд-во Ростовского ун-та  |d 1990 
215 |a 168 с. 
320 |a Библиография в конце статей 
333 |a Исключено из фонда НТБ ТПУ 
702 1 |a Волков  |b Ю. Г.  |4 340 
702 1 |a Кохановский  |b В. П.  |4 340 
801 1 |a RU  |b 63413507  |c 20110915 
801 2 |a RU  |b 63413507  |c 20170120  |g RCR 
942 |c BK